00540cam a2200169ua 4500001000500000005001700005008003900022040000900061082001000070100002500080245008700105250000900192260006300201300001600264653002600280653006400306431320260515113820.0111223n ii |||gr||||Z||||||eng cMAIN a305.41 aDowns, Frederick S.,11aChristian impact on the status of women in north east indiacby Frederick S. Downs a1st. aShillong:bNorth eastern hill university publications,996. a97p:c23cm. aSocial group of women aChristian impact on the status of women in north east india